01233pam a2200289 a 450000100100000000500170001000800410002701000130006802000250008104000230010605000220012924501360015126000580028730000290034550000200037465000370039465000380043165000340046965000350050370000240053885600890056285601040065191000370075508200160079295201180080899900170092600001839420200929165505.0890403s1990 enk 001 0 eng  a89009242 a0192141066 :c$27.00 aDO-SdBNPcDLCdDLC00aPR1285b.O94 199004aThe Oxford book of humorous prose :bfrom William Caxton to P.G. Wodehouse : a conducted tour /c[chosen and edited] by Frank Muir. aOxford ;aNew York :bOxford University Press,c1990. axxxiv, 1162 p. ;c25 cm. aIncludes index. 0aEnglish prose literature.939831 0aAmerican prose literature.939832 0aEnglish wit and humor.939833 0aAmerican wit and humor.9398341 aMuir, Frank.939835423Publisher descriptionuhttp://www.loc.gov/catdir/enhancements/fy0640/89009242-d.html423Contributor biographical informationuhttp://www.loc.gov/catdir/enhancements/fy0726/89009242-b.html aCatalogación por derivada / LC00a828/.08220 001052708MOaGRbGRcCTd2010-04-30iLF1l0o828/.08 p18394-10r2020-06-25w2020-06-25y2ZPréstamo interno c17915d17915